000 00246nam a22001097a 4500
008 170126b xxu||||| |||| 00| 0 eng d
020 _a9781884804847
041 _aeng
080 _23RD
_a61
245 _aPUMPING INSULIN
_cWALSH, J
942 _2udc
_cBK
999 _c3743
_d3743